Scotland's house prices (Record no. 120723)

MARC details
000 -LEADER
fixed length control field 00698cai a22001815a 4500
001 - CONTROL NUMBER
control field E145747
008 - FIXED-LENGTH DATA ELEMENTS--GENERAL INFORMATION
fixed length control field 081105u xxk g 000 0 eng d
035 ## - SYSTEM CONTROL NUMBER
System control number (Sirsi) u145747
041 0# - LANGUAGE CODE
Language code of text/sound track or separate title eng
110 2# - MAIN ENTRY--CORPORATE NAME
Corporate name or jurisdiction name as entry element Registers of Scotland
9 (RLIN) 5601
245 00 - TITLE STATEMENT
Title Scotland's house prices
Medium [electronic resource]
520 ## - SUMMARY, ETC.
Summary, etc. Website which provides a paid-for search service to find selling prices for houses in a specific post code or street over a six-month period.
590 ## - LOCAL NOTE (RLIN)
Local note KA
651 #4 - SUBJECT ADDED ENTRY--GEOGRAPHIC NAME
Geographic name Scotland
Chronological subdivision 1999-
690 ## - LOCAL SUBJECT ADDED ENTRY--TOPICAL TERM (OCLC, RLIN)
Topical term or geographic name as entry element PROPERTY-RESIDENTIAL PROPERTY-RESIDENTIAL PROPERTY MARKET
856 40 - ELECTRONIC LOCATION AND ACCESS
Uniform Resource Identifier <a href="https://www.ros.gov.uk/citizen/shp.html">https://www.ros.gov.uk/citizen/shp.html</a>
Public note View the service at www.scotlandshouseprices.gov.uk...
942 ## - ADDED ENTRY ELEMENTS (KOHA)
Suppress in OPAC 0
Holdings
Withdrawn status Lost status Source of classification or shelving scheme Damaged status Not for loan Home library Current library Shelving location Date acquired Total Checkouts Full call number Barcode Date last seen Copy number Price effective from Koha item type
    Dewey Decimal Classification     Virtual Virtual Online 05/11/2008   WEBSITE 145747-2001 06/08/2019 1 06/08/2019 Online material